Reyes sobre la tierra: brujería y chamanismo en una cultura insular, Chiloé entre los siglos XVIII y XX
Saved in:
| Hovedforfatter: | |
|---|---|
| Format: | Bog |
| Sprog: | spansk |
| Udgivet: |
Santiago
Biblioteca Americana
2002
|
| Fag: | |
| Tags: |
Tilføj Tag
Ingen Tags, Vær først til at tagge denne postø!
|
MARC
| LEADER | 00000nam a2200000 a 4500 | ||
|---|---|---|---|
| 001 | UCM8090 | ||
| 003 | CL-VaPUC | ||
| 008 | 030124e20020000CL |||||||||||||||||spa|d | ||
| 082 | 0 | 4 | |a 398.4 |b ROJ |2 21 |
| 100 | 0 | |a Rojas Flores, Gonzalo |e author |9 474054 | |
| 245 | 1 | 0 | |a Reyes sobre la tierra: brujería y chamanismo en una cultura insular, Chiloé entre los siglos XVIII y XX |
| 300 | |a 219 p | ||
| 942 | |c BK | ||
| 945 | |d 20030124 00:00:00 |a vberengu | ||
| 260 | |a Santiago |b Biblioteca Americana |c 2002 | ||
| 650 | 7 | |a CREENCIAS POPULARES - HISTORIA |2 CL-VaPUC |9 467306 | |
| 650 | 0 | |a Brujería |9 335555 | |
| 650 | 0 | |a Adivinos |9 464832 | |
| 651 | 0 | |a Chiloé |9 265209 | |
| 583 | |a last modification |c 20030124 00:00:00 |k Rodrigo Vera | ||
| 999 | |c 302697 |d 302695 | ||
| 952 | |0 0 |1 0 |4 0 |6 398_400000000000000_ROJ_2002 |7 0 |8 A |9 363398 |a BIBEDU |b BIBEDU |d 2019-11-21 |i 3865517 |l 2 |m 2 |o 398.4 ROJ 2002 |p 3865517 |r 2023-04-18 |s 2023-03-30 |w 2019-11-21 |y BK |k LIT | ||